000 01249cam a2200373 a 4500
001 13657975
003 OSt
005 20140310184415.0
008 040716s2005 nyua b 000 1 eng
010 _a 2004016683
020 _a043955604X (pbk : alk. paper)
040 _aDLC
_cDLC
_dDLC
042 _alcac
050 0 0 _aPZ 7
_b.K678323Tal 2005
100 1 _aKlein, Abby.
_926169
245 1 0 _aTalent show scaredy-pants /
_cAbby Klein ; illustrated by John McKinley.
260 _aNew York :
_bScholastic Inc.,
_c2005.
300 _a95 p. :
_bill. ;
_c20 cm.
490 1 _aReady, Freddy!
521 _aG4
526 _c630
650 1 _aTalent shows
_vFiction.
_926341
650 1 _aMagic tricks
_vFiction.
_926342
650 1 _aBullies
_vFiction.
_926343
650 1 _aSchools
_vFiction.
_926344
700 1 _aMcKinley, John,
_d1956-
_eill.
_926345
800 1 _aKlein, Abby.
_tReady, Freddy!
_926346
856 4 1 _3Table of contents
_uhttp://www.loc.gov/catdir/toc/ecip0420/2004016683.html
906 _a7
_bcbc
_corignew
_d1
_eecip
_f20
_gy-gencatlg
942 _2lcc
_cBK-SCHOLAS
999 _c34147
_d34147